Statistics for The 10 Dumbest US States

Click here to take the quiz!

General Stats

  • This quiz has been taken 887 times
  • The average score is 6 of 10

Answer Stats

RankScoreUS State% Correct
4-21.9Alabama
85%
5-21.5Florida
76%
3-22.4Mississippi
76%
6-19.4South Carolina
67%
8-18.7Louisiana
64%
7-19.1West Virginia
61%
9-16.8North Carolina
59%
1-27Hawaii
50%
2-23.4Nevada
48%
10-16.2Arizona
46%

Score Distribution

Percentile by Number Answered

Percent of People with Each Score

Your Score History

You have not taken this quiz